| 000 | 005420000a22001930004500 | ||
|---|---|---|---|
| 003 | LK-CoMWRAF | ||
| 005 | 20231120135900.0 | ||
| 008 | 230817t2002 ||||| |||| 00| 0 eng d | ||
| 020 | _a9558801003 | ||
| 040 |
_aLK-CoMWRAF _dLK-CoMWRAF _eLK-CoMWRAF |
||
| 041 | _aeng | ||
| 082 |
_a294.5 _bDUR |
||
| 100 | _a Duraiswamy, Sivanandini | ||
| 245 |
_aThe gentle breezes of early dawn : _ba compilation of Hindu thoughts |
||
| 260 |
_bColombo: _aChinmaya mission, _c2002 |
||
| 300 | _a 252 p. ; 18 cm. | ||
| 650 | _aHINDU THOUGHTS | ||
| 942 | _cBK | ||
| 999 |
_c628 _d628 |
||